| 000 -LEADER |
| fixed length control field |
00457nam a22001697a 4500 |
| 008 - FIXED-LENGTH DATA ELEMENTS--GENERAL INFORMATION |
| fixed length control field |
210125b ||||| |||| 00| 0 eng d |
| 082 00 - DEWEY DECIMAL CLASSIFICATION NUMBER |
| Classification number |
516.83 |
| Item number |
N2186 |
| 100 ## - MAIN ENTRY--PERSONAL NAME |
| 9 (RLIN) |
3786 |
| Personal name |
Narayan, Shanti |
| 245 10 - TITLE STATEMENT |
| Title |
A Text book of vector calculus with applications |
| 250 ## - EDITION STATEMENT |
| Edition statement |
4th ed. |
| 260 ## - PUBLICATION, DISTRIBUTION, ETC. (IMPRINT) |
| Place of publication, distribution, etc |
Calcutta |
| Name of publisher, distributor, etc |
S.Chand |
| Date of publication, distribution, etc |
1969 |
| 300 ## - PHYSICAL DESCRIPTION |
| Extent |
iv,320 p. |
| 365 ## - TRADE PRICE |
| Unit of pricing |
7.50 |
| 650 #0 - SUBJECT ADDED ENTRY--TOPICAL TERM |
| Topical term or geographic name as entry element |
Vector analysis |
| 700 ## - ADDED ENTRY--PERSONAL NAME |
| 9 (RLIN) |
3337 |
| Personal name |
Kapur,J.N. |
| 942 ## - ADDED ENTRY ELEMENTS (KOHA) |
| Item type |
Books |